Mapas característicos del equilibrio entre fases para sistemas ternarios /

Guardado en:
Otros Autores: Pisoni, Gerardo Oscar. (Disertante), Zabaloy, Marcelo Santiago. (Orientador), Cismondi, Martín. (Orientador)
Formato: Manuscrito
Idioma:Spanish
Publicado: 2014.
Materias:
Etiquetas: Agregar Etiqueta
Sin Etiquetas, Sea el primero en etiquetar este registro!
LEADER 01113ntm a22002295a 4500
001 EIQ.libpla004479
008 140807s2014####ag#a#####bm###000#0#spa#d
005 20140811152305.0
245 1 0 |a Mapas característicos del equilibrio entre fases para sistemas ternarios /  |c Gerardo Oscar Pisoni. 
260 |c 2014. 
300 |a xiv, 225 p. :  |b il. ;  |c 21 cm. 
500 |a "Tesis de Doctorado en Ingeniería Química". 
500 |a Director de tesis: Dr. Marcelo Santiago Zabaloy y director adjunto: Dr. Martín Cismondi. 
502 |a Tesis (doctor)--Universidad Nacional del Sur. Departamento de Ingeniería Química, 2014. 
504 |a Incluye referencias bibliográficas. 
100 1 |a Pisoni, Gerardo Oscar.  |4 dis 
700 1 |a Zabaloy, Marcelo Santiago.  |4 ths 
700 1 |a Cismondi, Martín.  |4 ths 
710 2 |a Universidad Nacional del Sur.  |b Departamento de Ingeniería Química  |4 dgg. 
650 7 |a Termodinámica  |x Sistemas ternarios  |x Fluidos supercríticos  |x Equilibrio de fases 
650 7 |a Thermodynamics  |x Ternary systems  |x Supercritical fluids  |x Phase equilibria 
859 |a AR-BbSID  |b BIB. PLAPIQUI  |h 541.363  |i P676  |p 6363